Poesías líricas / (Registro nro. 158768)

Detalles MARC
000 -LEADER
campo de control de longitud fija 00614nam a22001695i 4500
001 - NÚMERO DE CONTROL
campo de control 158768
003 - IDENTIFICADOR DE NÚMERO DE CONTROL
campo de control ES-MaACL
005 - FECHA Y HORA DE LA ÚLTIMA TRANSACCIÓN
campo de control 20230906211315.0
008 - DATOS DE LONGITUD FIJA--INFORMACIÓN GENERAL
campo de control de longitud fija 940202s1881 sp |||| | spa d
040 ## - FUENTE DE CATALOGACIÓN
Centro catalogador/agencia de origen PAB
Lengua de catalogación spa
100 1# - ENTRADA PRINCIPAL--NOMBRE DE PERSONA
Nombre de persona Marín y Carbonell, Valentín.
9 (RLIN) 129680
245 10 - MENCIÓN DEL TÍTULO
Título Poesías líricas /
Mención de responsabilidad, etc. Valentín Marín Carbonell ; con un prólogo de Baldomero Mediano y Ruiz.
260 ## - PUBLICACIÓN, DISTRIBUCIÓN, ETC.
Lugar de publicación, distribución, etc. Zaragoza :
Nombre del editor, distribuidor, etc. [s.n.],
Fecha de publicación, distribución, etc. 1881 (
Fabricante Imp. Hospicio Provincial)
300 ## - DESCRIPCIÓN FÍSICA
Extensión XX, 816 p. ;
Dimensiones 22 cm.
700 21 - ENTRADA AGREGADA--NOMBRE PERSONAL
Nombre de persona Mediano y Ruiz, Valdomero,
Término indicativo de función/relación
9 (RLIN) 129783
852 ## - LOCALIZACIÓN
Ubicación ES-MaACL
Número de control de estantería G-10868
Nota libre -- Enc. hol.
Encuadernación -- Edic.: XX, 818 p.
Existencias
Estatus retirado Estado de pérdida Estado de daño No para préstamo Colección Biblioteca de origen Biblioteca actual Ubicación en estantería Fecha de adquisición Fuente de adquisición Total de préstamos Signatura topográfica completa Código de barras Visto por última vez Precio de reemplazo Tipo de ítem Koha
        Libros del s. XIX Biblioteca del Ateneo de Madrid Biblioteca del Ateneo de Madrid Sala Pecera Planta 3 17/01/2008     G-10868 1166180 23/02/2023 23/02/2023 Libro impreso antiguo